MARC details
| 000 -CABECERA |
| campo de control de longitud fija |
03989nam a2200337 a 4500 |
| 003 - IDENTIFICADOR DEL NÚMERO DE CONTROL |
| campo de control |
OSt |
| 005 - FECHA Y HORA DE LA ÚLTIMA TRANSACCIÓN |
| campo de control |
20250423132658.0 |
| 007 - CAMPO FIJO DE DESCRIPCIÓN FÍSICA--INFORMACIÓN GENERAL |
| campo de control de longitud fija |
cr ||||||a|c|a |
| 008 - DATOS DE LONGITUD FIJA--INFORMACIÓN GENERAL |
| campo de control de longitud fija |
250225s2024 mx a|||fom||| |01 0 spa d |
| 040 ## - FUENTE DE LA CATALOGACIÓN |
| Normas de descripción |
rda |
| 100 1# - ENTRADA PRINCIPAL--NOMBRE DE PERSONA |
| Nombre de persona |
Ramírez Castell, Pablo |
| 9 (RLIN) |
190164 |
| 245 10 - MENCIÓN DE TÍTULO |
| Título |
Aportes a la producción de ahuehuete (Taxodium mucronatum Ten.) en vivero / |
| Mención de responsabilidad, etc. |
por Pablo Ramírez Castell; director de tesis Dante Arturo Rodríguez Trejo; secretario Violeta Carrasco Hernández; vocal David Cibrián Tovar; suplente Silvia Edith García Díaz; suplente Manuel Aguilera Rodríguez. |
| 264 #1 - PRODUCCIÓN, PUBLICACIÓN, DISTRIBUCIÓN, FABRICACIÓN Y COPYRIGHT |
| Producción, publicación, distribución, fabricación y copyright |
Chapingo, México : |
| Nombre del de productor, editor, distribuidor, fabricante |
El autor, |
| Fecha de producción, publicación, distribución, fabricación o copyright |
[2024]. |
| 300 ## - DESCRIPCIÓN FÍSICA |
| Extensión |
1 recurso en línea (102 páginas); |
| Otras características físicas |
figuras, cuadros. |
| 336 ## - TIPO DE CONTENIDO |
| Fuente |
rdacontent |
| Término de tipo de contenido |
texto |
| Código de tipo de contenido |
txt |
| 337 ## - TIPO DE MEDIO |
| Fuente |
rdamedia |
| Nombre/término del tipo de medio |
computadora |
| Código del tipo de medio |
c |
| 338 ## - TIPO DE SOPORTE |
| Fuente |
rdacarrier |
| Nombre/término del tipo de soporte |
recurso en línea |
| Código del tipo de soporte |
cr |
| 502 ## - NOTA DE TESIS |
| Tipo de título |
Ingeniería Forestal |
| Nombre de la institución que otorga el título |
División de Ciencias Forestales, |
| Año de obtención del título |
[2024]. |
| 504 ## - NOTA DE BIBLIOGRAFÍA, ETC. |
| Nota de bibliografía, etc. |
Incluye referencias bibliográficas: páginas 71-87. |
| 520 ## - SUMARIO, ETC. |
| Sumario, etc. |
A pesar de que se trata del árbol nacional, con gran importancia ecológica, cultural y económica, la investigación sobre esta especie, en viveros forestales, es muy escasa. El objetivo del presente estudio fue evaluar la calidad de planta de Taxodium mucronatum Ten. producido en el vivero forestal de la División de Ciencias Forestales, Universidad Autónoma Chapingo, mediante indicadores morfológicos y uno fisiológico (concentración foliar de nutrimentos). En dichas plantas se evaluaron dos tratamientos de fertiirrigación, uno bajo y otro alto. En la fase de establecimiento se aplicó fertilizante 9-45-15 a las dosis baja y alta de 70 y 100 ppm P, respectivamente. En la fase de crecimiento (fertilizante 20-20-20) las dosis baja y alta correspondieron a 90 y 120 ppm N, respectivamente. Finalmente, para la fase de endurecimiento (fertilizante 14-25-35) tales dosis fueron de 110 y 150 ppm K en el mismo orden. La fertilización iniciadora duró 3 semanas, la de crecimiento 7 y la de endurecimiento 6. Las plántulas crecieron en un sustrato a base de turba de musgo, vermiculita y agrolita en proporción 40, 40, 20% y se fertilizaron 3 meses después de la siembra con los tratamientos respectivos, cada tercer día, durante 4 meses. También se añadieron 4 kg m-3 de fertilizante granular Multicote 8®. Las plantas permanecieron 6 meses y 3 semanas en vivero. Estas tuvieron de 1 a 7 raíces principales, con una media de 2.5. Las variables de calidad de planta fueron analizadas estadísticamente con una prueba de ANOVA y con una prueba de comparación de medias de Tukey y fueron probadas previamente por normalidad y homocedasticidad. En los casos en que no hubo estas últimas, se empleó la prueba de Wilcoxon. No se hallaron diferencias significativas entre tratamientos de fertilización (P>0.05), excepto para el índice de Dickson y los pesos frescos de: raíces laterales, tallo y raíz, así como para el peso seco de: raíces laterales, tallo, raíz y peso seco total de la planta, donde el tratamiento de fertilización alto produjo planta con mayores valores (P≤0.05). También se encontraron diferencias en el contenido de humedad aéreo (P≤0.05), con el menor valor para el tratamiento alto. Se concluye que el tratamiento de fertilización bajo es XIII una buena alternativa para la obtención de planta de calidad a un menor costo, asociado con una menor fertilización. |
| 650 #4 - PUNTO DE ACCESO ADICIONAL DE MATERIA--TÉRMINO DE MATERIA |
| Término de materia o nombre geográfico como elemento de entrada |
Taxodium |
| Subdivisión general |
Crecimiento |
| 9 (RLIN) |
134341 |
| 650 #4 - PUNTO DE ACCESO ADICIONAL DE MATERIA--TÉRMINO DE MATERIA |
| Término de materia o nombre geográfico como elemento de entrada |
Taxodium |
| Subdivisión general |
Fisiología y morfología |
| 9 (RLIN) |
185938 |
| 650 #4 - PUNTO DE ACCESO ADICIONAL DE MATERIA--TÉRMINO DE MATERIA |
| Término de materia o nombre geográfico como elemento de entrada |
Fertilizantes |
| Subdivisión general |
Aplicación |
| 9 (RLIN) |
40450 |
| 700 1# - PUNTO DE ACCESO ADICIONAL--NOMBRE DE PERSONA |
| Nombre de persona |
Rodríguez Trejo, Dante Arturo |
| 9 (RLIN) |
98938 |
| Término indicativo de función/relación |
Director de tesis. |
| 700 1# - PUNTO DE ACCESO ADICIONAL--NOMBRE DE PERSONA |
| Nombre de persona |
Carrasco Hernández, Violeta |
| 9 (RLIN) |
19348 |
| Término indicativo de función/relación |
Secretario. |
| 700 1# - PUNTO DE ACCESO ADICIONAL--NOMBRE DE PERSONA |
| Nombre de persona |
Cibrián Tovar, David |
| 9 (RLIN) |
23039 |
| Término indicativo de función/relación |
Vocal. |
| 700 1# - PUNTO DE ACCESO ADICIONAL--NOMBRE DE PERSONA |
| Nombre de persona |
García Díaz, Silvia Edith |
| 9 (RLIN) |
45941 |
| Término indicativo de función/relación |
Suplente. |
| 700 1# - PUNTO DE ACCESO ADICIONAL--NOMBRE DE PERSONA |
| Nombre de persona |
Aguilera Rodríguez, Manuel |
| 9 (RLIN) |
2927 |
| Término indicativo de función/relación |
Suplente. |
| 856 ## - LOCALIZACIÓN Y ACCESO ELECTRÓNICOS |
| Identificador Uniforme del Recurso |
http://10.13.5.2/tesis/tl/1611974-9_RAMIREZ_CASTELL_PABLO.pdf |
| Nota pública |
DESCARGAR PDF |
| 942 ## - ELEMENTOS DE PUNTO DE ACCESO ADICIONAL (KOHA) |
| Fuente del sistema de clasificación o colocación |
Clasificación Universidad Autónoma Chapingo |
| Tipo de ítem Koha |
Tesis digital |